Szczegóły MARC21

International and Intercultural Communication Annual /

005 -Data i czas ostatniej zmiany [,]
    • @
    • Data ostatniej zmiany
    • 20070627174330.0
040 -Instytucja sporządzająca opis [ , ]
    • a
    • Instytucja, która sporządziła opis (NP)
    • SZCZ U
    • c
    • Instytucja, która sporządziła rekord (NP)
    • SZCZ U
041 -Język dokumentu [0, ]
    • a
    • Język tekstu (P)
    • angielski
    • h
    • Język tekstu oryginalnego i/lub pośredniego (P)
    • eng
942 -Rodzaj dokumentu [ , ]
    • c
    • Rodzaj dokumentu
    • Wydaw. ciągłe w tym czasopisma
245 -Strefa tytułu i oznaczenia odpowiedzialności [0, ]
    • a
    • Tytuł
    • International and Intercultural Communication Annual /
    • c
    • Pozostałe elementy strefy tytułu i oznaczenia odpowiedzialności (NP)
    • National Communication Association International and Intercultural Division.
260 -Strefa adresu wydawniczego [ , ]
    • a
    • Miejsce wydania (P)
    • Thousand Oaks :
    • b
    • Nazwa wydawcy (P)
    • Sage Publications
300 -Strefa opisu fizycznego [ , ]
    • c
    • Format (NP)
    • 22 cm
362 -Strefa numeracji [ , ]
    • a
    • Strefa numeracji
    • 21 (1998) -
952 -Egzemplarz [ , ]
    • c
    • Sygnatura
    • Ac.374 ANG. Komunikacja międzykult. 07
    • d
    • Lokalizacja
    • BM Biblioteka Międzywydziałowa
    • i
    • Nr tomu wydaw.cg
    • Vol.21 (1998)
    • y
    • Status udostępniania
    • Tylko na miejscu
    • h
    • Uwagi
    • Rek.141857